| 000 | 00667nam a2200265Ia 4500 | ||
|---|---|---|---|
| 003 | OSt | ||
| 005 | 20221007110919.0 | ||
| 006 | a|||||r|||| 00| 0 | ||
| 007 | ta | ||
| 008 | 221006b |||||||| |||| 00| 0 eng d | ||
| 024 | _a22,129 | ||
| 037 | _cTextual | ||
| 040 |
_aLCO _cLCO _beng |
||
| 041 |
_2eng _aeng |
||
| 082 | _aX7295qN62, L8 | ||
| 100 |
_aMitra B.C. _9245748 |
||
| 245 | 0 | _aCustoms Act, 1962 | |
| 250 | _a2nd | ||
| 260 |
_aCalcutta _bEastern Law House India _c1978 |
||
| 300 | _a465 | ||
| 500 | _aAct 52 of 1962 | ||
| 650 |
_aCUSTOMS _9701754 |
||
| 942 |
_hX7295qN62, L8 _cTEXL |
||
| 999 |
_c1191692 _d1191692 |
||